Are You Afraid of the dark? : (Record no. 13990)
[ view plain ]
| 000 -LEADER | |
|---|---|
| fixed length control field | 00587nam a22001577a 4500 |
| 008 - FIXED-LENGTH DATA ELEMENTS--GENERAL INFORMATION | |
| fixed length control field | 100516t xxu||||| |||| 00| 0 eng d |
| 020 ## - INTERNATIONAL STANDARD BOOK NUMBER | |
| International Standard Book Number | 0060738154 |
| 082 ## - DEWEY DECIMAL CLASSIFICATION NUMBER | |
| Edition number | 22 |
| Classification number | 813.54 |
| Item number | SHE |
| 100 ## - MAIN ENTRY--PERSONAL NAME | |
| 9 (RLIN) | 5911 |
| Personal name | Sheldon, Sidney. |
| 245 ## - TITLE STATEMENT | |
| Title | Are You Afraid of the dark? : |
| Remainder of title | A Novel / |
| Statement of responsibility, etc | Sidney Sheldon; performed by Marsha Mason. |
| Medium | [videorecording] : |
| 260 ## - PUBLICATION, DISTRIBUTION, ETC. (IMPRINT) | |
| Place of publication, distribution, etc | New York : |
| Name of publisher, distributor, etc | HarperCollins, |
| Date of publication, distribution, etc | c2004. |
| 300 ## - PHYSICAL DESCRIPTION | |
| Extent | 4 sound cassettes (6 hours) : |
| Other physical details | 3 3/4 ips, mono. Dolby surround ; |
| Dimensions | 7 1/4 x 3 1/2 in., 1/4 in. tape. |
| 306 ## - PLAYING TIME | |
| Playing time | 6 hours. |
| 720 ## - ADDED ENTRY--UNCONTROLLED NAME | |
| Name | Mason, Marsha |
| Relator term | Performance |
| 942 ## - ADDED ENTRY ELEMENTS (KOHA) | |
| Source of classification or shelving scheme | Dewey Decimal Classification |
| Item type | Cassette (NB) |
| Withdrawn status | Lost status | Source of classification or shelving scheme | Damaged status | Not for loan | Koha collection | Location (home branch) | Sublocation or collection (holding branch) | Shelving location | Date acquired | Source of acquisition | Cost, normal purchase price | Invoice Number | Koha issues (times borrowed) | Koha full call number | Piece designation (barcode) | Koha date last seen | Koha date last borrowed | Price effective from | Koha item type | Public note |
|---|---|---|---|---|---|---|---|---|---|---|---|---|---|---|---|---|---|---|---|---|
| Dewey Decimal Classification | Baccah | Central Library | Central Library | Second Floor | 16/05/2010 | Purchase | 180.00 | 10270 | 1 | 813.54 SHE | 000020824 | 24/08/2022 | 16/05/2010 | 16/05/2010 | Cassette (NB) | 4 Cassettes |